00504nam a2200145Ia 4500003000900000008004100009020002600050040001600076100002900092245004900121260003200170300002000202490003300222856010300255IN-BaIIA211028s9999 xx s 000 0 eng d a9780819474636 (Print) cIIA Library aTeherani, Ferechteh, ed. 0aZinc Oxide Materials and Devices IVh[eBook] aWashington, USAbSPIEc2009 aOnline resource aProceedings of SPIE; V. 7217 uhttps://www.spiedigitallibrary.org/conference-proceedings-of-spie/7217yClick Here to Access eBook